01343nam a2200337 c 450000100060000000300100000600500170001600700030003300800570003602000180009304000350011104100080014608200220015424502120017625000230038826400350041130000670044633600270051333700330054033800280057349000660060150000210066752100530068865000260074165000640076765000190083165000400085070000310089070000450092170000390096659964CO-BoRNBP20251112221850.0ta00003022016 cc ao jrf spa d spa a9789962040347 aCO-BoRNBPbspaerdacCO-BoRNBP0 aspa04a745.5942bB3722300aBisutería artesanal y ecológica /cdirección y coordinación editorial María Cristina Parra Rodríguez ; diseño y diagramación Johanna María Ramírez P. ; fotografías Gilberto Morales Roa. aEdición especial 1aPekín, China :bLexus,c2016 a198 páginas :bilustraciones, fotografías a color +e1 DVD atextobtxt2rdacontent asin mediaciónbn2rdamedia avolumenbnc2rdacarrier0 aPlan Nacional de Lectura y Escritura Leer es mi Cuento.a2016 aIncluye glosario1 aRecomendado para un público mayor de 12 años07aArte Decorativo2lemb07aArtesaníasxEnseñanzavManuales, vademécum, etc2lemb07aCollares2lemb07aTrabajos manuales (educacion)2lemb aMorales Roa, Gilbertoepht aParra Rodríguez, María Cristinaeedt aRamírez P., Johanna Maríaedsr